Historia de la literatura española; encuadrada en la universal /
Guardado en:
| Autor Principal: | |
|---|---|
| Formato: | Libro |
| Publicado: |
Buenos Aires :
Ciordia,
1969
|
| Edición: | 11a. ed. |
| Materias: | |
| Etiquetas: |
Agregar Etiqueta
Sin Etiquetas, Sea el primero en etiquetar este registro!
|
| LEADER | 00629nam a22002175a 4500 | ||
|---|---|---|---|
| 001 | CEM.cems002193 | ||
| 005 | 20060216000000.0 | ||
| 008 | 130507s1969##################000#0#####d | ||
| 003 | CEMS | ||
| 082 | 0 | 4 | |a 860.9 |
| 100 | 1 | |a Diaz Plaja, Guillermo | |
| 245 | 1 | 0 | |a Historia de la literatura española; encuadrada en la universal / |
| 250 | |a 11a. ed. | ||
| 260 | |a Buenos Aires : |b Ciordia, |c 1969 | ||
| 300 | |a 652 p. | ||
| 653 | |a Comedia griega | ||
| 653 | |a Literatura | ||
| 653 | |a Literatura española | ||
| 653 | |a Literatura griega | ||
| 653 | |a Literatura latina | ||
| 859 | |a CEMS |b BIB. CEMS - 11 de abril |h 860.9 |i D543a11 |p 1926.74 |t Ej.1 | ||
